Jeden svet nestačí

Virtuálna realita - definícia. Pre koho je určená. Potenciál virtuálnej reality začínajú využívať aj obchodníci a veľké firmy na to, aby zatraktívnili nakupovanie a prilákali kupujúcich. Budúcnosť a vývoj trhu.

Guardado en:
Detalles Bibliográficos
Autor principal: Mikulcová, Katarína
Formato: Capítulo de libro
Lenguaje:eslovaco
Materias:
Etiquetas: Agregar Etiqueta
Sin Etiquetas, Sea el primero en etiquetar este registro!

MARC

LEADER 00000naa a2200000 4500
001 0220131
005 20160630125119.9
041 0 |a slo 
044 |a SK 
245 1 0 |a Jeden svet nestačí  |c Katarína Mikulcová 
520 |a Virtuálna realita - definícia. Pre koho je určená. Potenciál virtuálnej reality začínajú využívať aj obchodníci a veľké firmy na to, aby zatraktívnili nakupovanie a prilákali kupujúcich. Budúcnosť a vývoj trhu. 
610 2 0 |a realita virtuálna 
610 2 0 |a obchod 
100 1 |a Mikulcová, Katarína